| 000 | 00979nam a2200205 i 4500 | ||
|---|---|---|---|
| 001 | 53902 | ||
| 003 | ES-MaACL | ||
| 005 | 20250704052712.0 | ||
| 007 | t| | ||
| 008 | 960708s1863 sp |||| |bspa d | ||
| 245 | 0 | 0 |
_aOlózaga, 1808-1863 _b: estudio político y biográfico encargado por la Tertulia Progresista de Madrid a Ángel Fernández de los Ríos / _cdiscursos que pronunció en el Congreso de los Diputados ... Salustiano de Olózaga, los días 11 y 12 de diciembre de 1861 ; opinión que sobre ellos emitió la prensa. |
| 260 |
_aMadrid : _b[s.n.], _c1863 ( _fImp. de Manuel de Rojas) |
||
| 300 |
_a619, 64, [3] p. ; _c29 cm. |
||
| 530 | _aDisponible en formato digital. | ||
| 600 | 1 | 4 |
_aOlózaga, Salustiano de, _d1805-1873 _987007 |
| 700 | 1 |
_aFernández de los Ríos, Ángel, _d1821-1880 _9149656 |
|
| 852 |
_aES-MaACL _jG-3570 |
||
| 856 |
_uhttp://bdh-rd.bne.es/viewer.vm?id=0000244256&page=1 _zBiblioteca Digital Hispánica |
||
| 999 |
_c53902 _d53902 |
||